Sports Quiz

Random Sports Quiz

Runda jesienna 20/21 Quiz Stats

 Plays Quiz not verified by Sporcle

Support Sporcle.
Go Orange.
Score 0/40 Timer 15:00
0 Plays Today
Question Answer Wrong Answers
Który klub w Pucharze Polski wyrzucił za burtę Wisłę Kraków? Oczywiście mowa o trwającej edycji. KSZO Ostrowiec Świętokrzyski
78.6%
Błękitni Stargard
10.3%
Jaguar Gdańsk
1.4%
Świt Skolwin
7.2%
Kto wydzwaniał do Janusza Filipiaka w trakcie jego występu w Lidze+ Extra? Michał Probierz
73.4%
żona
17.3%
Zbigniew Boniek
3.4%
Daniel Stefański
3.5%
Kto zastąpił Marka Jóźwiaka na stanowisku dyrektora sportowego Wisły Płock? Paweł Magdoń
68.7%
Dariusz Romuzga
10.1%
Marcin Krzywicki
11%
Paweł Miąszkiewicz
7.7%
Kto był liderem Ekstraklasy po pierwszej kolejce? Górnik Zabrze
66.4%
Śląsk Wrocław
23.6%
Legia Warszawa
2.7%
Lechia Gdańsk
4.8%
Jakub Żubrowski w meczu z Pogonią Szczecin obejrzał dwie żółte kartki. Ile minut je dzieliło? 6
65.2%
1
14.9%
43
1.4%
23
16%
Tylko jeden piłkarz miał udział (jako strzelec lub asystent) przy ponad połowie bramek zdobytych w lidze przez swoją drużynę. Który? Tomas Pekhart
58.9%
Maciej Domański
7%
Jesus Imaz
13.5%
Jesus Jimenez
18.3%
Który trener został zwolniony jako pierwszy? Aleksandar Vuković
58.6%
Dariusz Skrzypczak
19.4%
Artur Skowronek
10.9%
Krzysztof Brede
8.4%
Lech Poznań traci 11 punktów do podium. A ile ma oczek przewagi nad ostatnim w tabeli Podbeskidziem? 8
56.2%
12
9.2%
13
7%
11
25.2%
Która z zalet sędziego Mycia jest zmyślona (albo zapomniał o niej wspomnieć w swojej publikacji Przegląd Sportowy)? świetnie tańczy
55.9%
ma budzącą szacunek sylwetkę
11.4%
bardzo ładnie biega
13.2%
jest przystojny
17.2%
Co ile minut średnio bramkę w Ekstraklasie strzela Rivaldinho? 619
55.1%
521
21.8%
353
7.1%
482
13.5%
Dante Stipica zaliczył w rundzie jesiennej aż 9 czystych kont. O ile meczów bez straty gola odskoczył w tej statystyce drugiemu Martinowi Chudemu? 3
53.9%
1
4.4%
5
17.3%
2
21.8%
Który stary Słowak jest najstarszy? Michal Pesković
53.6%
Lubomir Guldan
28.5%
Matus Putnocky
10.9%
Robert Pich
4.6%
Gdzie na tournee chciałby lecieć Sławomir Peszko, a gdzie wolał popracować w tym czasie Piotr Stokowiec? Bali - Cetniewo
53%
Malediwy - Opalenica
27.5%
Meksyk - Grudziądz
4.7%
Las Vegas - Wiskitki
12.2%
Który piłkarz zdaniem Marka Jóźwiaka, byłego już dyrektora sportowego Wisły Płock, jest lepszy od Dominika Furmana? Filip Lesniak
51.9%
Dusan Lagator
26.3%
Titas Milasius
4.4%
Milan Obradović
14.8%
Ile meczów ligowych opuścił jesienią Lubomir Guldan, który niedawno został dyrektorem sportowym Zagłębia? Zero
51%
Jeden
20.4%
Dwa
18.6%
Pięć
7.4%
Ile meczów ligowych jako trener Legii Warszawa przegrał Czesław Michniewicz? Jeden
47.2%
Zero
7.7%
Trzy
14.3%
Dwa
28.1%
Ile rzutów karnych wywalczył Łukasz Zjawiński w meczu z Legią Warszawa? Trzy
46.6%
Cztery
1.4%
Dwa
43.7%
Jednego
5.7%
Kto strzelił pierwszego gola w sezonie 20/21? Mikael Ishak
46.4%
Sasza Balić
17.5%
Piotr Celeban
13.7%
Fabian Piasecki
20.1%
Kamil Wojtkowski nowy klub znalazł dopiero w listopadzie. Gdzie zakotwiczył? Jagiellonia Białystok
43.1%
Warta Poznań
18.4%
Pogoń Szczecin
10.7%
Stal Mielec
25.4%
Derby Dolnego Śląska rozstrzygnął piłkarz, który na boisku pojawił się w doliczonym czasie gry i były to jego jedyne minuty w lidze w tym sezonie. Jak się nazywa? Kamil Kruk
43.1%
Daniel Dudziński
18.1%
Marcin Szpakowski
13.8%
Jakub Sypek
22.7%
W meczu ze Stalą Mielec Jagiellonia Białystok wystawiła na środku obrony piłkarzy, którzy zazwyczaj występują na innych pozycjach. Kogo? Ariela Borysiuka i Bodvara Bodvarssona
42.9%
Ariela Borysiuka i Tarasa Romanczuka
37.4%
Tomasa Prikryla i Bodvara Bodvarssona
9.7%
Krisa Twardka i Bartłomieja Wdowika
7.6%
Ile bramek łącznie strzelili jesienią nominalni napastnicy Stali Mielec (Tomczyk, Wróbel, Zjawiński)? 2
41.5%
1
31%
5
8.8%
0
16.2%
Na kogo w swoim oświadczeniu powołała się Cracovia, gdy stwierdziła, że żona Daniela Stefańskiego kibicuje Wiśle? Na internautów
40.8%
Na swoje źródło zbliżone do rodziny
22.5%
Na jej byłą koleżankę z klasy
13.8%
Na jej trenera z czasów reprezentowania Cracovii
20.4%
'Myślę, że w przeciągu dwóch-trzech miesięcy na liście płac zostanie nam X, Y trenerów. Maksymalnie Z' - powiedział na początku grudnia Dawid Błaszczykowski. Ilu trenerom maksymalnie miała płacić Wisła? 4
39.5%
3
17.1%
5
31.7%
6
9%
Tomasz Makowski to środkowy pomocnik, zaliczył już 59 występów w Ekstraklasie. Jakie ma liczby? 0 goli, 1 asysta
38%
0 goli, 0 asyst
35.2%
1 gol, 2 asysty
17.5%
0 goli, 4 asysty
6.8%
W ilu meczach ligowych z rzędu gole strzelał Jakub Świerczok? Pięciu
36.8%
Sześciu
13%
Siedmiu
4.5%
Czterech
43.2%
Ile meczów łącznie rozegrał w Ekstraklasie Jakub Moder PRZED październikowym ogłoszeniem jego rekordowego transferu do Brighton ? 32
35.9%
55
8.4%
17
36.4%
41
16.7%
Który piłkarz beztrosko leżał za murem i wyznaczał linię spalonego, gdy Jagiellonia Białystok zapakowała kuriozalnego gola Wiśle Płock? Torgil Gjertsen
34.5%
Julio Rodriguez
9.3%
Dusan Lagator
31%
Patryk Tuszyński
22.7%
Który z tych bramkarzy ma po rundzie jesiennej najniższy procent obronionych strzałów? Artur Boruc
33.9%
Jakub Szumski
14.7%
Filip Bednarek
29%
Mateusz Lis
19.9%
Ile meczów w pierwszym składzie Wisły zaliczył jesienią Jakub Błaszczykowski? Trzy
32.4%
Siedem
10.9%
Sześć
21.9%
Cztery
32.3%
Który z tych obcokrajowców rozegrał najwięcej minut na poziomie Ekstraklasy w tym sezonie? Egzon Kryeziu
30.2%
Soren Reese
8%
Julio Rodriguez
27.2%
Marko Malenica
32.2%
26 listopada Tomasz Rząsa stwierdził, że Lech ma szeroką kadrę, która daje sobie radę na trzech frontach. Później Kolejorz rozegrał jeszcze pięć ligowych spotkań. Ile punktów w nich zdobył? Siedem
29.4%
Pięć
64.3%
Dziesięć
2.5%
Dwanaście
1.2%
Kto był najmłodszym piłkarzem, który biegał jesienią po boiskach Ekstraklasy? Kacper Urbański
28.2%
Kacper Kozłowski
36.1%
Daniel Hoyo-Kowalski
24.3%
Jakub Bieroński
8.9%
Który z nich jesienią strzelił najwięcej goli w Ekstraklasie? Jan Grzesik
26.5%
Kenny Saief
15.6%
Samuel Mraz
24.2%
Patryk Kun
31.3%
W rundzie jesiennej piłkarze Ekstraklasy zmarnowali tylko trzy rzuty karne, w dodatku tylko raz stało się to z powodu skutecznej interwencji bramkarza. Który golkiper może się nią pochwalić? Matus Putnocky
24.2%
Mateusz Lis
18.4%
Filip Bednarek
18.7%
Dante Stipica
36%
Michał Jakóbowski potrzebował jednego meczu, by obejrzeć dwie żółte kartki za symulowanie. A ile goli wypracował (bramka lub asysta) ten skrzydłowy w trakcie jednej rundy? 2
24%
0
34%
1
27%
3
12.3%
Do jakiego piłkarza porównywany był Serhij Miakuszko, skrzydłowy Podbeskidzia, który jesienią nie wypracował żadnej bramki? Leo Messiego
17.8%
Cristiano Ronaldo
10.1%
Juana Romana Riquelme
34.6%
Andrija Szewczenki
35%
Według naszego sposobu naliczania asyst na szczycie klasyfikacji znajduje się trzech piłkarzy, którzy zaliczyli po pięć podań zakończonych golem. Którego gracza wśród nich nie ma? Filipa Mladenovicia
17.4%
Marcina Cebuli
12.9%
Tomasa Prikryla
32%
Mateusza Szwocha
35.3%
Trzech bramkarzy Podbeskidzia próbowało zaliczyć w Ekstraklasie czyste konto. Który dokonał tej trudnej sztuki? Rafał Leszczyński
15.9%
Martin Polacek
6.7%
Michal Pesković
17.2%
Bez jaj, każdy coś puścił
57.9%
Jeden z tych arbitrów nie prowadził jesienią meczów Ekstraklasy. Który? Tomasz Musiał
10.6%
Tomasz Wajda
27.5%
Mariusz Złotek
8.8%
Artur Aluszyk
50.6%

You're not logged in!

Compare scores with friends on all Sporcle quizzes.
OR
Log In

From the Vault

1 - 60 in 30 Seconds

by manonthemoon

You might want to have a backup keyboard ready.

You Might Also Like...

Remove Ads.
Support Sporcle.
Get the best of Sporcle when you Go Orange. This ad-free experience offers more features, more stats, and more fun while also helping to support Sporcle. Thank you for becoming a member.

Show Comments

Extras

Created Jan 26, 2021ReportNominate
Tags:2021

Top Quizzes Today


Score Distribution

Your Account Isn't Verified!

In order to create a playlist on Sporcle, you need to verify the email address you used during registration. Go to your Sporcle Settings to finish the process.

Report this User

Report this user for behavior that violates our Community Guidelines.

Details: